[Event "EYCC 2017"]
[Site "Mamaia"]
[Date "2017.09.12"]
[Round "7"]
[White "Engel, Luis"]
[Black "Beliotis, Georgios"]
[Result "0-1"]
[WhiteElo "2363"]
[BlackElo "2157"]
[Annotator "TA"]
[PlyCount "66"]
[EventDate "2017.??.??"]
[EventType "swiss"]
[EventCountry "ROU"]
[SourceTitle "playchess.com"]
[Source "ChessBase"]
[SourceQuality "1"]

{[%evp 15,66,39,41,-10,0,-35,-28,-32,-37,-60,-17,-69,-54,-58,-52,-112,-47,-27,-47,-137,-133,-119,-104,-202,-103,-86,-71,-85,-61,-89,0,0,0,0,0,0,0,-138,-175,-1132,-1097,-1043,-1033,-4923,-5248,-4930,-4922,-4918,-4914,-5716,-5708,-4910,-4904]} 1. c4 Nf6 2. Nf3 g6 3. Nc3 Bg7 4. e4 d6 5. d4 O-O 6. h3 c5 7. Be3 cxd4 8. Nxd4 Nc6 {LiveBook: 28 Games. E90: King's Indian: Classical: Early deviations and 6 h3} (8... b6 9. g3 Bb7 10. Bg2 Nbd7 11. O-O Nc5 12. Qc2 Rc8 13. Rfd1 Qd7 14. a4 a5 15. Nd5 Qd8 16. Rd2 {1-0 (50) Matlakov,M (2714)-Kovalev,V (2629) Minsk 2017}) 9. Nc2 (9. Be2 $14) 9... Nd7 $146 ({Predecessor:} 9... b6 10. Be2 Bb7 11. O-O Rc8 12. b3 Ne5 13. f3 Ned7 14. Nd4 a6 15. Rc1 e6 16. Qd2 {1-0 (35) Zambo,Z (2382)-Budai,D (2273) Hungary 2014}) 10. Qd2 Nc5 {Black is slightly better.} 11. Bh6 Bxh6 12. Qxh6 f5 13. h4 (13. exf5 $11 Bxf5 14. Qd2) 13... fxe4 (13... Ne5 $5 {[%cal Rf5e4]} 14. h5 Ng4 $15) 14. h5 Qe8 15. O-O-O ({White should try} 15. Nd5 $15 Qf7 16. hxg6 Qxg6 17. Qxg6+ hxg6 18. Rd1) 15... Qf7 (15... Rxf2 $17 16. b4 Rxc2+ 17. Kxc2 Nxb4+ 18. Kb1 Bf5) 16. hxg6 $15 Qxg6 17. Qe3 (17. Qh4 $1 $15) 17... Ne5 $1 $17 {White must now prevent ...Ng4.} 18. Nd5 Qg7 {And now ...Ng4 would win.} 19. Rh5 {[#]} (19. Be2 $17) 19... Bf5 (19... Kh8 $1 $19 {Threatens to win with ...Ng4.} 20. f3 exf3 21. gxf3 Rxf3) 20. Rg5 Bg6 {...Rf7 is the strong threat.} 21. Nd4 Rac8 22. f4 $1 {[%cal Rf4e5]} Ncd3+ (22... Nc6 $17 {aiming for ...Nxd4.} 23. Be2 Nxd4 24. Rxd4 Rf7) 23. Bxd3 $1 $11 Nxd3+ {[#]} 24. Rxd3 $1 {[%mdl 512]} Rxc4+ (24... exd3 25. Nxe7+) 25. Kd1 {Hoping for Rd2.} ({Much worse is} 25. Rc3 Qxd4 26. Nxe7+ Kf7 $15) 25... exd3 {[#]} 26. Nxe7+ (26. Rxg6 $1 $11 {[%mdl 512] was the only way to keep the balance.} hxg6 (26... Qxg6 27. Nxe7+) 27. Nxe7+ Kh7 28. Ne6 Qxe7 29. Ng5+ Qxg5 30. fxg5) 26... Kh8 $17 27. Ndf5 $2 {[#]} (27. Nxg6+ hxg6 28. Ne6) 27... Rxf5 $1 $19 {Black is clearly winning.} 28. Nxg6+ (28. Nxf5 Qxb2) 28... hxg6 {[%cal Bh7g6,Bg6f5][%mdl 32]} 29. Rxf5 gxf5 30. Qe8+ Qg8 31. Qh5+ Kg7 32. Qg5+ Kf7 33. Qxf5+ Ke7 {Precision: White = 34%, Black = 41%.} 0-1

[Event "EYCC 2017"]
[Site "Mamaia"]
[Date "2017.09.12"]
[Round "7"]
[White "Garcia Martin, Marta"]
[Black "Kubicka, Anna"]
[Result "1/2-1/2"]
[WhiteElo "2360"]
[BlackElo "2221"]
[Annotator "TA"]
[PlyCount "89"]
[EventDate "2017.??.??"]
[EventType "swiss"]
[EventCountry "ROU"]
[SourceTitle "playchess.com"]
[Source "ChessBase"]
[SourceQuality "1"]

{[%evp 20,88,19,7,21,33,24,-19,-24,-41,-18,-20,-18,-35,-4,-46,-8,0,-14,-15,13,14,30,0,80,37,247,247,249,260,267,273,251,212,206,222,205,202,267,242,378,339,417,416,394,379,495,277,607,619,615,610,871,564,773,346,418,411,29979,29980,29978,1118,687,0,29978,29978,29992,29993,29998,29999,29999]} 1. e4 c5 2. Nf3 d6 3. Bb5+ Nd7 4. d4 cxd4 5. Qxd4 a6 6. Bxd7+ Bxd7 7. c4 {B51: Sicilian: Moscow Variation (3 Bb5+) without 3...Bd7} (7. Nc3 e5 8. Qd3 h6 9. Nd2 Be6 10. Nc4 Rc8 11. Ne3 Nf6 12. O-O Be7 13. Rd1 O-O 14. Bd2 Rc5 15. a4 Qc8 {½-½ (31) Anand,V (2783)-Kasparov,G (2812) Saint Louis 2017}) 7... Rc8 8. Nc3 e5 9. Qd3 Qc7 10. b3 b5 11. Nd5 {LiveBook: 16 Games} Qc6 {[%cal Rb5c4]} 12. Nd2 Ne7 13. Ba3 (13. Nb4 {looks sharper.} Qb6 14. O-O h5 15. Re1 h4 16. h3) 13... Nxd5 $1 {[#]} 14. Qxd5 $146 ({Predecessor:} 14. cxd5) 14... Qxd5 (14... Be6 {with more complications.} 15. Qxc6+ Rxc6 16. cxb5 axb5 17. Ke2 Be7) 15. exd5 f5 16. O-O Be7 17. Rfc1 Bg5 18. Rc2 Ke7 19. Re1 (19. Nf3 {feels hotter.} Bf6 20. Re1 e4 21. Nd2 Rhe8 22. Bb4) 19... Bxd2 (19... Bf6 {seems wilder.} 20. Nf3 e4 21. Nd2 Rhe8 22. g3 Bd4) 20. Rxd2 {And now cxb5 would win.} bxc4 21. bxc4 {[%cal Bb3c4,Bc4c5][%mdl 32]} (21. Rxe5+ $5 Kf7 22. Re1 $14 (22. Bxd6 cxb3 23. Rd1 b2 $11)) 21... e4 (21... Rxc4 $11 {remains equal.} 22. Rxe5+ Kd8) 22. Rd4 {aiming for f3.} Ba4 $2 {[#]} (22... Rc7 $1 $14) 23. c5 $1 $18 {[%cal Rc5d6]} Bb5 24. c6 (24. cxd6+ Kd7 $11) 24... Kf6 25. f3 ({Don't play} 25. Bxd6 Rhd8 $18) 25... exf3 26. Re6+ Kf7 27. Rf4 ({Inferior is} 27. gxf3 Bxc6 28. Rxd6 Bb5 $11) 27... g6 28. Rxd6 {Threatens to win with Rd7+.} ({Much less strong is} 28. Bxd6 $6 Rhd8 $16) 28... Rhe8 {...Re1+ is the strong threat.} 29. Rxf3 Re2 (29... Red8 $142 30. Rxd8 Rxd8) 30. h4 Rxa2 31. Re3 f4 32. Rf3 Kg7 33. Bc5 (33. Bb4 $142) 33... Rc2 $2 (33... Ra1+ 34. Kh2 Ra4) 34. Bd4+ Kh6 35. Rxf4 Re8 36. Rg4 Kh5 37. Rg3 (37. Rg5+ $142 Kxh4 38. Bf6) 37... Kxh4 38. Kh2 {Hoping for Rd7.} Rc1 (38... Kh5 $18 39. Bf6 Rg8 40. Rg5+ Kh6) 39. Bf6+ Kh5 40. Rg5+ (40. Rd7 $142 g5 41. Bxg5 Rc3 42. Rxh7+ Kg6 43. Rh6+ Kf5 44. Rf6+ Ke5 45. Rxc3) 40... Kh6 41. Rg3 (41. Rg4 $18 Be2 42. Rh4+ Bh5 {[#]} 43. c7 $1 {[%mdl 512]}) 41... Kh5 42. Rd7 {[%cal Rd7h7] White mates.} h6 43. Rh7 Be2 44. Rg5+ Kh4 45. g3# {[%mdl 32768] Precision: White = 54%, Black = 34%. . An unexpected result.} 1/2-1/2

[Event "EYCC 2017"]
[Site "Mamaia"]
[Date "2017.09.12"]
[Round "7"]
[White "Salemgareev, Tagir"]
[Black "Esipenko, Andrey"]
[Result "0-1"]
[WhiteElo "2354"]
[BlackElo "2540"]
[Annotator "TA"]
[PlyCount "105"]
[EventDate "2017.??.??"]
[EventType "swiss"]
[EventCountry "ROU"]
[SourceTitle "playchess.com"]
[Source "ChessBase"]
[SourceQuality "1"]

{[%evp 21,105,5,0,0,33,-6,72,0,19,4,15,7,17,8,18,25,45,54,51,52,45,32,37,20,13,29,16,16,14,23,26,16,16,16,25,0,0,0,0,-3,97,99,87,0,0,0,0,0,0,0,-8,-7,-6,-3,-4,-8,0,-8,0,0,0,-409,-409,-403,-406,-414,-410,-404,-403,-401,-409,-409,-406,-399,-384,-627,-562,-1345,-728,-29979,-29980,-29979,-29973,-29985,-29986,-29983]} 1. d4 Nf6 2. c4 e6 3. Nf3 b6 4. a3 Bb7 5. Nc3 d5 6. Bg5 Be7 7. Bxf6 Bxf6 8. cxd5 exd5 9. Qa4+ c6 10. g3 O-O 11. Bg2 Nd7 12. O-O {E12: Queen's Indian: Unusual White 4th moves, 4 a3, 4 Nc3 Bb7 5 a3 and 4 Nc3 Bb7} Be7 (12... Re8 13. Rfd1 Qe7 14. Qc2 a5 15. Re1 c5 16. Rad1 Rad8 17. e3 g6 18. Re2 Bg7 19. dxc5 Nxc5 20. Nd4 Ne4 21. Qb3 Nxc3 22. Qxc3 {1-0 (53) Lenderman,A (2601)-Kamsky,G (2706) ICC INT 2014}) 13. Rfd1 {[#]} Kh8 $146 (13... f5 $11) ({Predecessor:} 13... a5 14. e4 b5 15. Qb3 b4 16. exd5 bxc3 17. Qxb7 Rb8 18. Qxc6 cxb2 19. Rab1 Bxa3 20. Nd2 Nb6 21. Nb3 Qe7 22. Nc5 {½-½ (22) Jarmula,L (2452)-Petrosyan,M (2512) Prague 2016}) 14. Rac1 (14. e4 $16) 14... f5 $11 15. e3 Bd6 16. Ne2 b5 17. Qb3 g5 18. a4 a6 19. axb5 axb5 20. Ra1 Qf6 21. Rdc1 Rg8 22. Ne1 f4 23. exf4 gxf4 24. Rxa8 Rxa8 25. gxf4 Nf8 26. Qe3 Ne6 {[%cal Re6f4]} 27. Nd3 Rg8 28. Ra1 {[#]} c5 $1 {[%cal Re6d4][%mdl 512]} 29. Ra7 (29. Nxc5 Bxc5) 29... cxd4 30. Qh3 Nd8 (30... Rg7 $11) 31. Ng3 $16 Qf7 32. Qf5 ({White should try} 32. f5 $16) 32... Qxf5 $11 33. Nxf5 Bb8 $36 {[%mdl 2048] Black has some pressure.} 34. Ra1 Ne6 35. Re1 Nxf4 36. Nxf4 Bxf4 37. Nxd4 b4 38. Kh1 Rc8 39. Bf3 Bd6 40. Nf5 Bc5 {And now ...Rf8 would win.} 41. Rd1 $2 {[%mdl 8192] [#]} (41. Kg2 $11 {and White stays safe.}) 41... Rf8 $1 $19 42. Bg4 d4+ 43. Kg1 Bc8 44. Nh6 {[#]} Bxg4 $1 45. Nxg4 {[%mdl 4096] Endgame KRB-KRN} Rg8 46. h3 h5 47. Rc1 Bf8 (47... hxg4 48. Rxc5 gxh3+ 49. Kh2 $17) 48. f3 $2 (48. Kg2) 48... hxg4 49. hxg4 Bh6 50. Rc4 d3 {Black mates.} 51. Kf2 Re8 52. Rc6 Bf4 53. Rc4 {Precision: White = 55%, Black = 55%.} 0-1

[Event "EYCC 2017"]
[Site "Mamaia"]
[Date "2017.09.12"]
[Round "7"]
[White "Suleymanli, Aydin"]
[Black "Murzin, Volodar"]
[Result "1-0"]
[WhiteElo "2351"]
[BlackElo "2280"]
[Annotator "TA"]
[PlyCount "77"]
[EventDate "2017.??.??"]
[EventType "swiss"]
[EventCountry "ROU"]
[SourceTitle "playchess.com"]
[Source "ChessBase"]
[SourceQuality "1"]

{[%evp 26,77,29,-4,0,-12,0,-8,26,0,10,-56,-45,-28,-34,-39,-51,-77,-70,-100,-96,-96,-94,-98,-90,-81,-86,-85,-43,-53,-27,-39,-23,-23,-26,-27,426,179,191,179,180,177,259,251,259,264,352,352,29979,29980,29983,29984,29986,29987]} 1. d4 Nf6 2. c4 g6 3. Nc3 Bg7 4. e4 d6 5. f4 O-O 6. Nf3 c5 7. d5 e6 8. Be2 exd5 9. cxd5 Nbd7 10. O-O Re8 11. Qc2 a6 12. a4 Qc7 13. Nd2 Rb8 14. a5 b5 {A77: Benoni (Hauptsystem)} 15. axb6 $1 Nxb6 {Schwarz will ...Sfxd5! spielen.} 16. Qd1 $146 ({Bitte nicht} 16. Bxa6 Ra8 $17) ({Vorgänger:} 16. Bf3 c4 17. h3 Nfd7 18. Kh1 Nc5 19. Be2 Bxc3 20. Qxc3 Nxd5 21. Qd4 Nb4 22. Qxc4 {1-0 (32) Gluzman,M (2400)-Chapman,M (2338) Gold Coast 2001}) 16... c4 {Die Stellung ist ausgeglichen.} (16... Qe7 $5 {[%cal Rf6d5]}) 17. Ra3 Nbd7 18. e5 (18. Kh1 $11) 18... dxe5 $15 19. Nxc4 Rb4 20. Ra4 Rxa4 21. Nxa4 Bb7 22. d6 Qc6 {[%csl Gb7][%cal Rc6g2] [#]} 23. Rf3 exf4 {Droht stark ...Sg4.} 24. Na5 Qd5 25. Nxb7 Qxb7 26. Bxf4 Ng4 27. h3 {[%cal Bh2h3,Bh3g4,Bg4g5][%mdl 32]} Qe4 28. Nc3 Bd4+ 29. Kf1 Bxc3 $1 30. bxc3 Nde5 $2 {[%mdl 8192]} (30... Nge5 $11 {und Schwarz muss sich keine Sorgen machen.} 31. Rf2 Rb8) 31. d7 (31. hxg4 $142 Nxf3 32. d7) 31... Rd8 $18 32. hxg4 {[#] Droht Lxe5 und aus.} Rxd7 33. Qb3 Rb7 (33... Nxf3 $142 34. Qb8+ Kg7 35. gxf3 Qe6) 34. Qxb7 $1 Qxb7 35. Bxe5 Qd5 36. Bf6 Qe6 $2 (36... Qe4 $18 37. g5 Qb1+ 38. Kf2 Qb6+ 39. Bd4 Qd8 40. Bxa6 Qd5) 37. g5 {Weiß setzt Matt.} h6 38. Rd3 Kh7 39. Rd8 {Precision: Weiß = 63%, Schwarz = 43%.} 1-0

[Event "EYCC 2017"]
[Site "Mamaia"]
[Date "2017.09.12"]
[Round "7"]
[White "Bjerre, Jonas Buhl"]
[Black "Henderson de La Fuente, Lance"]
[Result "1/2-1/2"]
[WhiteElo "2348"]
[BlackElo "2408"]
[Annotator "TA"]
[PlyCount "57"]
[EventDate "2017.??.??"]
[EventType "swiss"]
[EventCountry "ROU"]
[SourceTitle "playchess.com"]
[Source "ChessBase"]
[SourceQuality "1"]

{[%evp 17,57,2,6,4,-4,0,5,11,10,4,0,-1,20,13,15,0,0,0,23,32,37,36,38,41,66,36,38,24,51,42,35,0,0,0,34,27,18,18,22,0,0,0]} 1. e4 e5 2. Nf3 Nc6 3. Bc4 Bc5 4. c3 Nf6 5. d3 d6 6. O-O O-O 7. a4 a6 8. Na3 {C54: Giuoco Piano: 4 c3 Nf6, main lines with 5 d4 and 5 d3} (8. Re1 Ba7 9. h3 b5 10. Bb3 h6 11. axb5 axb5 12. Be3 Bd7 13. Bxa7 Rxa7 14. Nbd2 Rxa1 15. Qxa1 Nh5 {½-½ (69) So,W (2810)-Nakamura,H (2792) Saint Louis 2017}) 8... Ne7 9. Nc2 Ng6 {LiveBook: 3 Games} 10. Be3 $146 ({Find the theoretical novelty and annotate with similar games:} 10. d4 Ba7 11. dxe5 dxe5 12. Qxd8 Rxd8 13. Re1 h6 14. h3 Bd7 15. Nb4 b5 {½-½ (27) Rios,C (2479)-Cuartas,J (2468) Antioquia 2016}) 10... Bxe3 11. Nxe3 a5 12. Qc2 c6 13. Rfe1 Re8 14. Rad1 h6 15. d4 $36 {[%mdl 2048] White has good play.} Qc7 16. dxe5 Nxe5 17. Nxe5 dxe5 (17... Rxe5 {looks sharper.} 18. f3 Bd7 19. Qf2 d5 20. exd5 cxd5 21. Bb5 Bxb5 22. axb5 Qb6) 18. Rd2 Be6 19. Bxe6 Rxe6 20. Red1 Ree8 21. Nc4 Rad8 22. Rxd8 Rxd8 23. Rxd8+ Qxd8 24. Qd2 Qxd2 25. Nxd2 Kf8 26. f3 Nd7 27. Nc4 {The position is equal.} Nc5 28. Nxa5 Nxa4 29. Nxb7 {Precision: White = 45%, Black = 69%.} 1/2-1/2

[Event "EYCC 2017"]
[Site "Mamaia"]
[Date "2017.09.12"]
[Round "7"]
[White "Gavrilescu, David"]
[Black "Avalyan, Artur"]
[Result "0-1"]
[WhiteElo "2346"]
[BlackElo "2277"]
[Annotator "TA"]
[PlyCount "74"]
[EventDate "2017.??.??"]
[EventType "swiss"]
[EventCountry "ROU"]
[SourceTitle "playchess.com"]
[Source "ChessBase"]
[SourceQuality "1"]

{[%evp 15,74,6,8,-1,16,4,27,18,15,-3,18,0,0,0,0,0,16,-33,0,0,4,0,12,4,16,0,0,0,7,-2,0,-5,-15,-14,6,9,30,0,23,0,0,0,0,-72,-52,-52,0,-60,-82,-494,-502,-479,-389,-691,-679,-615,-557,-545,-508,-29996,-29997]} 1. d4 Nf6 2. Bg5 e6 3. Nd2 c5 4. e3 b6 5. c3 Bb7 6. Ngf3 Be7 7. Bd3 Nc6 8. O-O O-O {LiveBook: 108 Games} 9. Qa4 {A47: 1 d4 Nf6 2 Nf3 b6: Torre, London and Colle Systems} (9. a4 cxd4 10. exd4 Nd5 11. Bxe7 Ncxe7 12. Re1 Qc7 13. Bf1 a6 14. Qb3 Rab8 15. Rac1 Nf6 16. Qa3 Ng6 {1-0 (62) Shimanov,A (2664)-Kononenko,D (2608) Pardubice 2013}) 9... cxd4 10. exd4 a6 (10... h6 $5 {[%cal Rh6g5]} 11. Bh4 Nd5 $11) 11. Qc2 $146 {White has an edge.} ({Find the theoretical novelty and annotate with similar games:} 11. Ne5 b5 12. Qd1 d6 13. Nxc6 Bxc6 14. Qe2 Qb6 15. Ne4 Bxe4 16. Bxe4 d5 17. Bd3 Rab8 {0-1 (43) Khalezov,A-Vasenev,S (2255) Bor 2000}) 11... h6 12. Bh4 (12. Bxf6 $5 Bxf6 13. Nc4 $11) 12... Rc8 13. a3 Nh5 14. Bxe7 Nxe7 15. Rfe1 Nf4 16. Bh7+ Kh8 {Hoping for ...f5.} 17. Be4 Ned5 18. Ne5 f5 19. Bf3 Rf6 20. Nf1 d6 21. Nd3 {Strongly threatening Nxf4.} Qc7 22. Qd2 Nxd3 23. Qxd3 Nf4 24. Qe3 Bxf3 (24... e5 {is interesting.} 25. Rad1 Re8 26. Bxb7 Qxb7 27. f3 Rg6) 25. Qxf3 Ng6 26. Ne3 Qf7 27. Rad1 f4 $36 {[%mdl 2048] Black has good play.} 28. Nf1 $1 Nh4 29. Qh3 {[#]} (29. Qg4 $11 Nxg2 30. Qxg2) 29... Qh5 $1 $17 30. Kh1 g5 ({Better is} 30... Rg6 $15 31. Ng3 fxg3 32. fxg3 Qb5 33. Qxh4 Qxb2) 31. Ng3 (31. d5 $11) 31... fxg3 $15 32. fxg3 $2 {[%mdl 8192] [#]} (32. hxg3 $17 {was the crucial defense.} Rxf2 33. gxh4) 32... Rcf8 $1 $19 33. g4 Qf7 {( -> ...Rf1+!)} 34. g3 $2 (34. Rg1) 34... Nf3 35. Rf1 Ne5 36. Rxf6 Qxf6 37. dxe5 (37. Re1 $19 Nd3 38. Re2) 37... Qf3+ {Precision: White = 32%, Black = 54%.} 0-1

[Event "EYCC 2017"]
[Site "Mamaia"]
[Date "2017.09.12"]
[Round "7"]
[White "Tomasi, Albert"]
[Black "Voloshchuk, Iliya"]
[Result "1/2-1/2"]
[WhiteElo "2343"]
[BlackElo "2156"]
[Annotator "TA"]
[PlyCount "115"]
[EventDate "2017.??.??"]
[EventType "swiss"]
[EventCountry "ROU"]
[SourceTitle "playchess.com"]
[Source "ChessBase"]
[SourceQuality "1"]

{[%evp 11,115,38,43,25,41,40,105,101,128,112,122,80,73,74,93,70,75,41,64,45,80,84,93,68,83,54,66,62,100,109,125,9,11,0,63,7,15,0,0,-33,0,0,0,-60,-47,-81,-89,-64,-60,-95,0,0,0,0,0,0,0,0,84,0,0,0,112,0,0,0,112,0,0,0,0,-61,124,79,53,22,43,50,80,0,116,0,0,0,116,116,116,0,0,0,0,0,0,0,0,0,0,0,0,0,116,0,0,0,0,0]} 1. e4 d6 2. d4 Nf6 3. Nc3 g6 4. Be3 Bg7 5. f3 c6 6. g4 {[%cal Bg2g4,Bg4g5][%mdl 32] B07: Pirc Defence: Miscellaneous Systems} (6. Qd2 b5 7. Nge2 Nbd7 8. g4 Nb6 9. Ng3 h5 10. gxh5 Nxh5 11. Nxh5 Rxh5 12. Qf2 Na4 13. Nxa4 bxa4 14. O-O-O Rb8 15. c3 a3 16. b3 Be6 {0-1 (34) Kotronias,V (2524)-Saric,I (2648) Moscow 2017}) 6... b5 {LiveBook: 9 Games} 7. g5 Nfd7 8. Qd2 {White is slightly better.} Nb6 $146 (8... b4 $14 9. Nd1 c5) ({Find the theoretical novelty and annotate with similar games:} 8... Qa5 9. a3 a6 10. Nge2 Bb7 11. h4 c5 12. h5 Nc6 13. Bh3 Nb6 14. h6 Bxd4 15. Bxd4 cxd4 16. Nxd4 {0-1 (26) Peigney,F (2051)-Thimognier,D (2406) France 2000}) 9. h4 $16 Qc7 10. h5 Rg8 11. a4 b4 12. Nd1 a5 13. c3 Na6 14. Nf2 Be6 15. Rc1 (15. h6 $5 {[%cal Rh6g7]} Bh8 16. Ne2 $14) 15... b3 16. Bd3 Bc4 17. Bxc4 Nxc4 18. Qe2 d5 19. f4 Nb8 20. Nf3 Nd7 21. Ne5 (21. h6 $16 Bh8 22. Ra1) 21... Bxe5 $11 22. dxe5 e6 (22... Ndb6 $11) 23. hxg6 (23. Nd3 $14) 23... hxg6 24. Kf1 O-O-O 25. Kg2 Nxe3+ 26. Qxe3 {aiming for c4.} Qb6 27. Qe2 (27. Qd4 $11) 27... Nc5 $1 $15 28. exd5 Rxd5 29. Rcd1 Rgd8 30. Rxd5 Rxd5 (30... cxd5 $17 31. Rh7 Rf8) 31. Rh8+ Kb7 32. Rf8 $36 {[%mdl 2048] White fights for an advantage.} Qc7 33. Qe3 {Hoping for c4.} Qe7 34. Rh8 Qd7 (34... Nxa4 $11 35. c4 Rd8 36. Qxb3+ Nb6 37. Rxd8 Qxd8) 35. Rf8 (35. Kf3 $16) 35... Qe7 $11 36. Rh8 ({White should play} 36. Rg8 $11) 36... Qd7 $16 37. Rh7 Qe7 38. Rh8 Qd7 39. Rh7 (39. Kf3 $16) 39... Qe7 $11 40. Rh1 Qd7 41. Rh8 ({White should try} 41. Kf3 $11) 41... Qe7 $2 (41... Nxa4 $15 42. Ne4 Rd3) 42. c4 Rd7 43. Rg8 Rc7 44. Qd2 Ka6 {[#]} 45. Qe3 (45. Kf3 $1 $16) 45... Rd7 (45... Kb7 $1 $11 {keeps the balance.}) 46. Qf3 Kb7 {Threatens to win with ...Rd2.} 47. Qe3 Ka6 48. Ra8+ Ra7 49. Rc8 (49. Rh8 $16) 49... Kb7 $1 {[%cal Rb7c8]} 50. Rh8 Ra8 51. Rxa8 Kxa8 52. Qc3 (52. Qd2 $5 {[%cal Rd2a5]}) 52... Qd8 53. Kf3 Kb7 54. Qe3 Qb6 55. Ne4 Nxe4 {[#]} (55... Nxa4 $11 {remains equal.} 56. Qd2 Ka6) 56. Kxe4 ({White has to play} 56. Qxb6+ $1 $16 Kxb6 57. Kxe4) 56... Qb4 57. Qd4 Qe1+ 58. Kf3 {Precision: White = 39%, Black = 65%.} 1/2-1/2

[Event "EYCC 2017"]
[Site "Mamaia"]
[Date "2017.09.12"]
[Round "7"]
[White "Badelka, Olga"]
[Black "Schneider, Jana"]
[Result "1/2-1/2"]
[WhiteElo "2335"]
[BlackElo "2231"]
[Annotator "TA"]
[PlyCount "125"]
[EventDate "2017.??.??"]
[EventType "swiss"]
[EventCountry "ROU"]
[SourceTitle "playchess.com"]
[Source "ChessBase"]
[SourceQuality "1"]

{[%evp 12,125,27,25,27,26,39,17,79,81,45,42,46,52,47,50,48,46,53,40,90,37,68,54,115,78,123,123,153,150,139,147,168,167,168,114,144,115,174,197,177,179,155,135,134,135,134,134,149,159,160,160,138,143,202,145,105,73,73,67,69,67,116,116,116,116,116,116,116,116,125,118,108,97,97,97,206,97,108,74,56,61,75,47,50,0,75,68,83,90,85,85,175,154,150,132,200,170,176,128,116,104,118,90,111,109,112,23,24,0,33,0,0,0,22,0]} 1. d4 d5 2. c4 e6 3. Nc3 Bb4 4. cxd5 exd5 5. Nf3 c6 (5... Nf6 6. Bg5 h6 7. Bxf6 Qxf6 8. Qa4+ Nc6 9. e3 O-O 10. Be2 Be6 11. O-O a6 12. Rfc1 Bd6 13. Qd1 Ne7 14. Na4 b6 15. a3 Rfb8 16. b4 c6 17. Nb2 Bf5 18. Nd3 Bxd3 19. Bxd3 a5 20. Qb3 Qe6 21. h3 b5 {0-1 (48) Salem,A (2624)-Swiercz,D (2620) Berlin 2015}) 6. Bf4 {D31: Queen's Gambit Declined: Semi-Slav without ...Nf6 (+ Marshall Gambit and Noteboom) and Exchange Variation lines without ...Nf6} Ne7 7. e3 {LiveBook: 4 Games} Ng6 8. Bg3 {White has an edge.} Bf5 9. Qb3 $146 ({Find the theoretical novelty and annotate with similar games:} 9. Be2 Nd7 10. O-O Be7 11. Rc1 Nb6 12. Nd2 O-O 13. Re1 {½-½ (28) Hopman,P (2230)-Jonkman,H (2456) Leeuwarden 2002}) 9... Qe7 (9... Qb6 $1 $11) 10. h4 h5 11. Be2 Nd7 12. a3 Bxc3+ 13. bxc3 Nf6 14. Ng5 O-O 15. a4 Rfe8 16. Qa3 (16. c4 $16) 16... Nf8 17. c4 N8d7 ({Better is} 17... dxc4 $14 18. Bxc4 Ne6) 18. O-O g6 19. Rfc1 Nb6 20. Qxe7 Rxe7 21. c5 Nbd7 22. a5 a6 23. Ra3 (23. Bd6 $18 Ree8 24. Ra2) 23... Nf8 $16 24. Rb3 Rd8 (24... Ne8 $16 {is a better defense.} 25. Rb2 Rd8) 25. Bd6 $18 Red7 26. Nf3 {[%cal Bg5f3,Bf3e1,Be1d3,Bd3b4][%mdl 32]} Ng4 27. Rb6 f6 28. Rc3 {Hoping for Rcb3.} Rf7 29. Rcb3 Rdd7 30. Ne1 Ne6 31. Nd3 Nd8 32. Nb4 Nh6 (32... g5 $16 {was worth a try.} 33. Nd3 gxh4) 33. f3 Be6 34. Nd3 Nf5 35. Nf4 Nxd6 36. cxd6 Rxd6 37. Nxg6 Kg7 38. Nf4 Kh6 39. Kf2 Bc8 40. Bd3 Rg7 41. R6b4 f5 42. Bf1 Ne6 43. Nd3 Nc7 (43... Rd8 $16 {might work better.}) 44. Nc5 (44. Rxb7 $18 {and White stays clearly on top.} Bxb7 45. Rxb7) 44... Nb5 $16 45. Bxb5 (45. Rb1 {seems wilder.} Rd8 46. Nd3 Re7 47. Nf4 Rde8 48. R4b3) 45... cxb5 46. Nd3 Rc7 47. Nf4 Rc2+ 48. Ke1 Be6 (48... Ra2 $11 {keeps the balance.}) 49. Rb2 Rc8 50. Kd2 Rdc6 51. Ra2 b6 (51... Bf7 $16) 52. axb6 Rxb6 53. Rb1 Rcc6 (53... Bf7 $16 {was called for.} 54. Rba1 Rcc6) 54. Nd3 Bc8 55. Nb4 Rg6 56. Kd3 ({But not} 56. Nxd5 $6 Be6 $11) 56... Bb7 57. Rc1 Rg7 58. Rc5 Rd6 {[#]} 59. Rc3 (59. Kc3 $1 $16) 59... Re6 $11 60. Rc5 Rge7 61. Nc2 Rg6 62. Nb4 Rge6 63. Nc2 {Precision: White = 40%, Black = 52%.} 1/2-1/2